| 000 | 00998am a2200349a 44500 | ||
|---|---|---|---|
| 003 | AR-BaBNM | ||
| 005 | 20251128211119.0 | ||
| 008 | 042120s2001 #AR|||||||||||000 | esp|| | ||
| 020 | _a84-95294-22-2 | ||
| 040 | _cAR-BaBNM | ||
| 100 | 1 | _aFernández de Castro, Ignacio | |
| 245 | 1 | 0 |
_aEscuela pública _bdemocracia y poder |
| 260 |
_aMadrid _bMiño y Dávila _c2001 |
||
| 300 |
_a223 p. _btablas |
||
| 490 | 0 | _aEducación, crítica & debate | |
| 504 | _aContiene referencias bibliográficas p. 215-223 | ||
| 650 | 4 | _aPOLITICA EDUCATIVA | |
| 650 | 4 | _aHISTORIA DE LA EDUCACION | |
| 650 | 4 | _aIGLESIA Y EDUCACION | |
| 650 | 4 | _aESTADO Y EDUCACION | |
| 650 | 4 | _aREFORMA DE LA EDUCACION | |
| 651 | 4 | _aEspaña | |
| 653 | _aEDUCACION PUBLICA | ||
| 653 | _aEDUCACION PRIVADA | ||
| 653 | _aMODELOS EDUCATIVOS | ||
| 653 | _aSISTEMA EDUCATIVO | ||
| 653 | _aLEGISLACION EDUCATIVA | ||
| 700 | 1 | _aRogero, Julio | |
| 800 | 1 |
_aGentili, Pablo _edirector |
|
| 942 | _cBK | ||
| 998 | _craquel | ||
| 999 |
_c18285 _d18285 |
||